Mixed Word: Spring Quiz Stats

 Plays Quiz not verified by Sporcle

Support Sporcle.
Go Orange.
Score 0/20 Timer 04:00
0 Plays Today
Clue Answer % Correct
YAMMAY
95.3%
RANIRAIN
93.1%
EIKTKITE
93%
LEMTMELT
92.3%
NGEERGREEN
87.3%
CRAMHMARCH
86.8%
STANLPPLANTS
84.8%
NUYBNBUNNY
83.7%
PRLAIAPRIL
81.5%
OESLWRFFLOWERS
78.8%
Clue Answer % Correct
ZEBEREBREEZE
78%
SOOSLMBBLOSSOM
71.4%
TUBEFRYLTBUTTERFLY
66.2%
RESEATEASTER
62.8%
FLOLUROCCOLORFUL
55.9%
HENSINUSSUNSHINE
45.1%
DANGERGARDEN
41.6%
DPULSEDPUDDLES
39.9%
LALUMBERUMBRELLA
33.9%
ABROWNIRAINBOW
32.8%

You're not logged in!

Compare scores with friends on all Sporcle quizzes.
OR
Log In

From the Vault

Begins and Ends with 'B'

by Derek

This quiz is endorsed by bumble B's everywhere.
Remove Ads.
Support Sporcle.
Get the best of Sporcle when you Go Orange. This ad-free experience offers more features, more stats, and more fun while also helping to support Sporcle. Thank you for becoming a member.

Show Comments

Extras

Top Quizzes Today


Score Distribution

Your Account Isn't Verified!

In order to create a playlist on Sporcle, you need to verify the email address you used during registration. Go to your Sporcle Settings to finish the process.

Report this User

Report this user for behavior that violates our Community Guidelines.

Details: